Statistics for Country Flags with the Most White

Click here to take the quiz!

General Stats

  • This quiz has been taken 19,599 times
  • The average score is 13 of 15

Answer Stats

Answer % Correct
Japan
100%
South Korea
98%
Israel
98%
Finland
96%
Greece
95%
Cyprus
92%
Poland
90%
Georgia
83%
Uruguay
83%
Panama
75%
Malta
73%
Indonesia
72%
Algeria
72%
Singapore
65%
Monaco
65%

Score Distribution

Percentile by Number Answered

Percent of People with Each Score

Your Score History

You have not taken this quiz